| 000 | 00366nam a22001457a 4500 | ||
|---|---|---|---|
| 003 | MACL | ||
| 005 | 20190628153643.0 | ||
| 008 | 190628b xxu||||| |||| 00| 0 eng d | ||
| 040 | _c MACL | ||
| 100 |
_aMadhukar , R K _975648 |
||
| 245 | _aGayatri : The Profound Prayer | ||
| 260 |
_aDelhi _bNew Age Books _c2014 |
||
| 650 |
_aReligion _975649 |
||
| 942 |
_2ddc _cBK |
||
| 999 |
_c60337 _d60337 |
||